Languages of Canada - Statistics

General Stats
  • This quiz has been taken 82 times
  • The average score is 69 of 148
Answer Stats
Speakers Language % Correct
28 million English
98%
7.2 million French
98%
458,900 Spanish
89%
419,900 Arabic
87%
384,000 German
87%
106,500 Greek
87%
592,000 Mandarin
87%
188,300 Russian
87%
99,000 Dutch
85%
110,700 Hindi
85%
4,600 Norwegian
85%
221,500 Portuguese
85%
6,800 Swedish
85%
12,600 Danish
83%
15,300 Finnish
83%
375,700 Italian
83%
117,000 Serbo-Croatian
83%
153,400 Korean
81%
214,200 Persian
81%
181,700 Polish
81%
32,800 Turkish
81%
156,400 Vietnamese
81%
1,000 Sinte Romani
79%
9,300 Thai
79%
102,500 Ukrainian
79%
73,100 Bengali
77%
565,300 Cantonese
77%
22,300 Czech
77%
43,600 Japanese
77%
96,700 Romanian
77%
61,200 Hungarian
74%
17,600 Slovak
74%
431,400 Tagalog
74%
210,800 Urdu
74%
20,000 Bulgarian
72%
4,800 Irish
72%
5,400 Estonian
70%
1,300 Icelandic
70%
5,500 Latvian
70%
7,000 Lithuanian
70%
12,300 Malay
70%
9,800 Slovene
70%
140,700 Tamil
70%
10,300 Afrikaans
68%
20,100 Khmer
68%
33.500 Armenian
66%
5,200 Belarusian
66%
3,600 Burmese
66%
12,700 Lao
66%
19,500 Hebrew
64%
18,300 Nepali
64%
501,700 Punjabi
64%
64,000 Cree
62%
108,800 Gujarati
62%
10,200 Innu
62%
2,300 Scottish Gaelic
62%
1,600 Mongolian
60%
13,400 Swahili
60%
3,900 Welsh
60%
26,900 Albanian
57%
35,200 Inuktitut
57%
16,800 Macedonian
57%
16,900 Pashto
57%
1,700 Uzbek
57%
36,800 Somali
55%
12,900 Wu
55%
3,300 Azeri
53%
1,300 Catalan
51%
4,000 Kannada
51%
1,000 Tajik
51%
13,600 Yiddish
51%
4,200 Igbo
49%
11,700 Kurdish
49%
16,300 Sinhalese
49%
22,500 Amharic
47%
1,000 Inuvialuktun
47%
1,400 Kyrgyz
47%
5,000 Oromo
47%
15,700 Telugu
47%
13,200 Kabyle
45%
28,600 Malayalam
45%
5,600 Maltese
45%
8,300 Marathi
45%
31,800 Min Nan
45%
3,000 Haitian
43%
2,000 Galician
40%
23,000 Bavarian
38%
17,900 Ojibwe
36%
12,900 Oji-Cree
36%
6,200 Tibetan
36%
10,900 Hakka
34%
145,000 Jamaican Patois
34%
11,900 Sindhi
34%
9,100 Yoruba
34%
5,000 Breton
30%
1,300 Sicilian
30%
19,900 Cebuano
28%
2,800 Blackfoot
26%
1,000 Guaraní
26%
6,700 Mi'kmaq
26%
1,000 Odia
26%
16,700 Tigrinya
26%
4,000 Wolof
26%
9,100 Fijian
23%
2,100 Frisian
23%
3,400 Fula
23%
26,300 Ilocano
23%
5,800 Kirundi
21%
1,000 Mohawk
21%
1,000 Uyghur
21%
1,300 Algonquin
19%
3,300 Antillean Creole
19%
1,200 Dakota
19%
5,300 Kinyarwanda
19%
20,000 Kongo
19%
13,500 Akan
17%
10,700 Chipewyan
17%
3,300 Konkani
17%
11,000 Tigre
17%
26,000 Alemannic
15%
18,000 Pennsylvania Dutch
15%
80,000 Plautdietsch
15%
3,200 Shona
15%
16,100 Assyrian
13%
4,400 Gikuyu
13%
3,800 Lingala
13%
1,200 Min Dong
13%
2,700 Morisien
13%
370,000 Acadian
11%
1,600 Dogrib
11%
1,800 Ewe
11%
35,000 Guyanese Creole
11%
3,000 Stoney
11%
1,000 Waray Waray
11%
1,000 Carrier
9%
6,900 Hiligaynon
9%
1,000 Mossi
9%
6,200 Atikamekw
6%
1,300 Ganda
6%
7,400 Grenadian Creole
6%
1,400 Pangasinan
6%
2,100 Dinka
4%
1,300 Fon
4%
5,600 Chaldean
2%
1,200 Kpelle
2%
4,100 Pampangan
2%
1,700 Edo
0%
1,300 Harari
0%
No matching quizzes found
Score Distribution
Percent of People with Each Score
Percentile by Number Answered
Your Score History
You have not taken this quiz